Les 500 meilleures chansons de tous les temps - Statistiques

Statistiques générales
  • Ce quiz a été pris 149 fois
  • Le résultat moyen est 26 sur 500
Statistiques - réponses
# Artiste Année Titre % Correct
500 Harry Styles 2022 As It Was
60%
44 Michael Jackson 1982 Billie Jean
43%
17 Queen 1975 Bohemian Rhapsody
42%
121 The Beatles 1970 Let It Be
42%
18 Prince and the Revolution 1984 Purple Rain
39%
19 John Lennon 1971 Imagine
35%
465 Daft Punk (ft Pharell Williams) 2013 Get Lucky
34%
5 Nirvana 1991 Smells Like Teen Spirit
34%
482 Lady Gaga 2009 Bad Romance
33%
436 Carly Rae Jepsen 2012 Call Me Maybe
33%
307 Gnarls Barkley 2006 Crazy
33%
195 Patsy Cline 1961 Crazy
33%
62 U2 1992 One
32%
185 Michael Jackson 1982 Beat It
31%
89 The Beatles 1968 Hey Jude
31%
490 Lil Nas X 2019 Old Town Road
31%
74 Leonard Cohen 1984 Hallelujah
30%
94 Whitney Houston 1992 I Will Always Love You
30%
467 Nirvana 1991 Come as You Are
28%
10 Outkast 2003 Hey Ya !
28%
112 R.E.M. 1991 Losing My Religion
28%
16 Beyoncé (ft. Jay-Z) 2003 Crazy in Love
27%
311 The Eagles 1976 Hotel California
27%
1 Aretha Franklin 1967 Respect
27%
452 Toto 1982 Africa
26%
114 Britney Spears 2003 Toxic
26%
79 Amy Winehouse 2006 Back to Black
24%
82 Adele 2011 Rolling in the Deep
24%
354 Eurythmics 1983 Sweet Dreams
24%
333 Rihanna (ft. Jay-Z) 2007 Umbrella
24%
429 Queen et David Bowie 1981 Under Pressure
24%
95 Oasis 1995 Wonderwall
24%
444 50 Cent 2003 In Da Club
22%
85 Prince 1986 Kiss
21%
223 Eminem (ft. Dido) 2000 Stan
21%
417 Mark Ronson (ft. Bruno Mars) 2015 Uptown Funk
21%
167 Eminem 2002 Lose Yourself
20%
211 U2 1987 With or Without You
20%
30 Lorde 2011 Royals
19%
72 The Beatles 1965 Yesterday
19%
286 ABBA 1976 Dancing Queen
18%
251 Gloria Gaynor 1978 I Will Survive
18%
65 Earth, Wind and Fire 1978 September
18%
338 Cher 1998 Believe
17%
184 Sinéad O'Connor 1990 Nothing Compares 2 U
17%
99 Bee Gees 1977 Stayin' Alive
17%
320 Taylor Swift 2014 Blank Space
16%
23 David Bowie 1977 Heroes
16%
31 The Rolling Stones 1965 Satisfaction
16%
55 Madonna 1989 Like a Prayer
15%
149 Elton John 1972 Rocket Man
15%
228 Beyoncé 2008 Single Ladies
15%
495 Cyndi Lauper 1983 Time After Time
15%
494 The Pixies 1988 Where Is My Mind ?
15%
178 Billie Eilish 2019 Bad Guy
14%
347 BTS 2020 Dynamite
14%
63 Dolly Parton 1974 Jolene
14%
177 Van Halen 1983 Jump
14%
457 Bon Jovi 1986 Livin' on a prayer
14%
140 Bob Marley and the Wailers 1975 No Woman No Cry
14%
131 Ben E. King 1961 Stand By Me
14%
71 Tracy Chapman 1988 Fast Car
13%
205 Britney Spears 1998 ... One More Time
13%
36 The White Stripes 2003 Seven Nation Army
13%
189 David Bowie 1969 Space Oddity
13%
9 Fleetwood Mac 1977 Dreams
12%
415 Depeche Mode 1990 Enjoy the Silence
12%
447 The Beatles 1963 Help!
12%
493 Kanye West 2007 Stronger
12%
420 The Mamas and the Papas 1965 California Dreamin'
11%
305 The Police 1983 Every Breath You Take
11%
196 James Brown 1979 Get Up (I Feel Lime Being a) Sex Machine
11%
104 The Jackson 5 1969 I Want You Back
11%
213 The Rolling Stones 1966 Paint It, Black
11%
139 Madonna 1990 Vogue
11%
202 Elton John 1970 Your Song
11%
133 Journey 1981 Don't Stop Believin'
10%
373 Drake 2015 Hotline Bling
10%
279 Radiohead 1997 Karma Police
10%
4 Bob Dylan 1965 Like a Rolling Stone
10%
145 Outkast 2000 Ms.Jackson
10%
303 TLC 1999 No Scrubs
10%
60 Kate Bush 1985 Running Up that Hill
10%
198 Marvin Gaye 1982 Sexual Healing
10%
61 Led Zeppelin 1971 Stairway to Heaven
10%
471 The Animals 1964 The House of the Rising Sun
10%
290 Usher (ft. Lil Jon et Ludacris) 2004 Yeah!
10%
90 Aretha Franklin 1967 A Natural Woman
9%
400 Taylor Swift 2019 Cruel Summer
9%
377 Olivia Rodrigo 2021 Driver's License
9%
138 Blondie 1979 Heart of Glass
9%
384 Cardi B, J Balvin et Bad Bunny 2018 I Like It
9%
105 David Bowie 1971 Life on mars ?
9%
59 Grand master Flash and the Furious Five 1982 The Message
9%
497 Harry Nilsson 1971 Without You
9%
100 Bob Dylan 1963 Blowin' in the Wind
8%
321 2Pac 1995 California Love
8%
363 Bob Marley and The Wailers 1980 Could You Be Loved
8%
390 Metallica 1991 Enter Sandman
8%
231 Whitney Houston 1987 I Wanna Dance with Somebody
8%
216 Elvis Presley 1957 Jailhouse Rock
8%
143 The Clash 1980 London Calling
8%
12 Stevie Wonder 1972 Superstition
8%
171 Louis Armstrong 1967 What a Wonderful World
8%
22 The Ronettes 1963 Be My Baby
7%
27 Bruce Springsteen 1975 Born to Run
7%
107 Wu-Tang Clan 1994 C.R.E.A.M.
7%
319 Tears for Fears 1985 Everybody Wants To Rule the World
7%
57 Sly and the Family Stone 1971 Family Affair
7%
46 M.I.A. 2008 Paper Planes
7%
339 Black Sabbath 1970 Paranoid
7%
25 Kanye West (ft. Pusha T.) 2011 Runaway
7%
106 The Rolling Stones 1968 Sympathy for the Devil
7%
150 Green Day 1994 Basket Case
6%
199 Aerosmith 1973 Dream On
6%
392 Coldplay 2005 Fix You
6%
283 Ray Charles 1960 Georgia on my Mind
6%
53 The Beach Boys 1966 Good Vibrations
6%
32 Notorious B.I.G. 1994 Juicy
6%
267 SZA 2022 Kill Bill
6%
378 The Killers 2003 Mr. Brightside
6%
152 Creedence Clearwater Revival 1969 Proud Mary
6%
383 Childish Gambino 2016 Redbone
6%
285 Destiny's Child 1999 Say My Name
6%
268 The Isley Brothers 1959 Shout
6%
110 The Beatles 1969 Something
6%
88 Guns N' Roses 1987 Sweet Child O' Mine
6%
456 Lana del Rey 2023 A&W
5%
159 The Who 1971 Baba O'Riley
5%
118 Radiohead 1992 Creap
5%
190 N.W.A. 1988 Fuck Tha Police
5%
440 Alicia Keys 2003 If I Ain't Got You
5%
353 Ice Cube 1992 It Was A Good Day
5%
240 Backstreet Boys 1999 I Want It That Way
5%
108 The Cure 1987 Just Like Heaven
5%
359 Fugees 1996 Killing Me Softly With His Song
5%
273 Roberta Fleck 1973 Killing Me Softly With His Song
5%
458 Beck 1993 Loser
5%
230 The Byrds 1965 Mr. Tambourine Man
5%
164 Bob Dylan 1965 Mr. Tambourine Man
5%
42 Bob Marley and the Wailers 1980 Redemption Song
5%
137 Ariana Grande 2019 Thank U, Next
5%
329 Red Hot Chili Peppers 1991 Under the Bridge
5%
6 Marvin Gaye 1971 What's Going On
5%
128 Led Zeppelin 1969 Whole Lotta Love
5%
3 Sam Cooke 1964 A Change Is Gonna Come
4%
125 Sex Pistols 1977 Anarchy in the UK
4%
331 The Notorious B.I.G. 1994 Big Poppa
4%
243 The Beatles 1966 Eleanor Rigby
4%
50 Daddy Yankee 2010 Gasolina
4%
13 The Rolling Stones 1969 Gimme Shelter
4%
365 Sex Pistols 1977 God Save the Queen
4%
394 Jeff Buckley 1994 Grace
4%
33 Chuck Berry 1958 Johnny B. Goode
4%
310 The Doors 1967 Light My Fire
4%
41 Joy Division 1980 Love Will Tear Us Apart
4%
256 Metallica 1986 Master of Puppets
4%
438 Megan There Stallion (ft. Beyoncé) 2020 Savage
4%
248 N.W.A. 1988 Straight Outta Compton
4%
453 Missy Elliot 1997 The Rain
4%
226 The Smiths 1986 There Is A Light That Never Goes Out
4%
35 Little Richard 1955 Tutti-Frutti
4%
180 Lou Reed 1972 Walk on the Wild Side
4%
433 Pet Shop Boys 1984 West End Girls
4%
37 Prince and the Revolution 1984 When Doves Cry
4%
302 Pink Floyd 1975 Wish You Were Here
4%
399 Sylvester 1978 You Make Me Feel
4%
176 The Kinks 1964 You Really Got Me
4%
309 Bill Withers 1971 Ain't No Sunshine
3%
40 The Jimi Hendrix Experience 1968 All Along The Watchtower
3%
69 Taylor Swift 2012 All Too Well
3%
45 Kendrick Lamar 2015 Alright
3%
115 Etta James 1960 At Last
3%
358 Patti Smith 1978 Because the Night
3%
428 Beyoncé 2022 Break My Soul
3%
484 Weezer 1994 Buddy Holly
3%
20 Robyn 2010 Dancing on my Own
3%
49 Lauryn Hill 1998 Doo Wop
3%
419 Mariah Carey 1995 Fantasy
3%
407 Lynyrd Skynyrd 1973 Free Bird
3%
260 Bob Marley and the Wailers 1973 Get Up, Stand Up
3%
11 The Beach Boys 1966 God Only Knows
3%
401 Fleetwood Mac 1977 Go Your Own Way
3%
259 Neil Young 1972 Heart of Gold
3%
488 The Weeknd 2011 House of Balloons
3%
398 Duran Duran 1982 Hungry Like The Wolf
3%
52 Donna Summer 1977 I Feel Love
3%
299 Screamin' Jay Hawkins 1956 I Put A Spell On You
3%
345 Black Sabbath 1971 Iron Man
3%
144 The Rolling Stones 1968 Jumpin' Jack Flash
3%
207 Rage Against the Machine 1992 Killing in the Name
3%
224 Derek ans the Dominos 1970 Layla
3%
264 Marvin Gaye 1973 Let's Get It On
3%
212 Boston 1976 More Than A Feeling
3%
334 The Temptations 1972 Papa Was A Rollin' qStone
3%
78 The Four Tops 1967 Reach Out
3%
93 Kelly Clarkson 2004 Since U Been Gone
3%
38 Otis Redding 1967 Sitting on the Dock of the Bay
3%
7 The Beatles 1967 Strawberry Fields Forever
3%
426 Nicki Minaj 2010 Super Bass
3%
284 Leonard Cohen 1967 Suzanne
3%
498 Lizzo 2017 Truth Hurts
3%
134 Tina Turner 1984 What's Love Got To Do With It
3%
103 Alanis Morissette 1995 You Oughta Know
3%
496 Carly Simon 1972 You're so Vain
3%
340 Prince 1982 1999
2%
96 Jay-Z 2003 99 Problems
2%
403 Rufus et Chaka Khan 1983 Ain't Nobody
2%
396 Elvis Costello 1977 Alison
2%
166 Mott the Hoople 1972 All the Young Dudes
2%
486 Lil Wayne 2009 A Milli
2%
451 Migos (ft Lil Uzi Vert) 2016 Bad and Boujee
2%
220 New Order 1986 Bizarre Love Triangle
2%
368 Soundgarden 1994 Black Hole Sun
2%
66 Simon and Garfunkel 1970 Bridge Over Troubled Water
2%
200 David Bowie 1971 Changes
2%
270 Nine Inchallah Nails 1994 Closer
2%
75 Pulp 1996 Common People
2%
356 Thelma Houston 1976 Don't Leave Me This Way
2%
409 Foo Fighters 1997 Everlong
2%
468 Mazzy Star 1993 Fade into You
2%
408 Cat Stevens 1970 Father and Son
2%
73 Beyoncé 2016 Formation
2%
227 Creedence Clearwater Revival 1969 Fortunate Son
2%
8 Missy Elliott 2001 Get Ur Freak On
2%
413 Them 1965 Gloria
2%
97 Patti Smith 1975 Gloria
2%
68 Chic 1979 Good Times
2%
318 Big Mama Thornton 1953 Hound Dog
2%
421 The Smiths 1984 How Soon Is Now ?
2%
161 Madonna 1985 Into the Groove
2%
163 Fleetwood Mac 1975 Landslide
2%
155 The Strokes 2001 Last Nite
2%
236 Bill Withers 1972 Lean On Me
2%
386 The Kinks 1970 Lola
2%
28 Talking Heads 1980 Once in a Lifetim
2%
370 Buddy Holly 1958 Peggy Sue
2%
250 The Jimi Hendrix Experience 1967 Purple Haze
2%
427 Sugar Hill Gang 1979 Rapper's Delight
2%
247 Joni Mitchell 1971 River
2%
355 Michael Jackson 1979 Rock With You
2%
293 Alice Cooper 1972 School's Out
2%
215 Mobb Deep 1995 Shook Ones, Pt. II
2%
21 Billie Holiday 1939 Strange Fruit
2%
449 Blue Öyster Cult 1976 The Reaper
2%
182 Simon and Garfunkel 1964 The Sounds of Silence
2%
367 Frank Ocean 2012 Thinkin Bout You
2%
47 Elton John 1972 Tiny Dancer
2%
491 Bad Bunny 2022 Titi Me Pregunto
2%
14 The Kinks 1967 Waterloo Sunset
2%
127 TLC 1995 Watterfalls
2%
193 The Rolling Stones 1971 Wild Horses
2%
295 The Who 1971 Won't Get Fooled Again
2%
297 The Beach Boys 1966 Wouldn't It Be Nice
2%
287 AC/DC 1980 You Shook Me All Night Long
2%
442 Motörhead 1980 Ace of Spades
1%
24 The Beatles 1967 A Day in the Life
1%
431 Prince 1981 Adore
1%
416 Pearl Jam 1991 Alive
1%
271 Procol Harum 1971 A Whiter Shade of Pale
1%
249 Joan Jett 1980 Bad Reputation
1%
454 Sister Nancy 1982 Bam Bam
1%
64 Ramones 1976 Blitzkrieg Bop
1%
235 New Order 1983 Blue Monday
1%
39 Outkast 2000 B.O.B.
1%
277 Bo Diddley 1955 Bo Diddley
1%
463 John Lee Hooker 1962 Boom Boom
1%
389 Pretenders 1979 Brass In Pocket
1%
412 Neneh Cherry 1988 Buffalo Stance
1%
489 The Breeders 1989 Cannonball
1%
461 Roy Orbinson 1962 Crying
1%
366 The Crystals 1963 Da Doo Ron Ron
1%
217 Stevie Nicks 1981 Edge of Seventeen
1%
2 Public Enemy 1989 Fight the Power
1%
126 George Michael 1990 Freedom! 90
1%
219 Tom Petty 1989 Free Fallin'
1%
242 Jerry Lee Lewis 1957 Great Balls of Fire
1%
418 Booker T and the MG's 1962 Green Onions
1%
464 Joni Mitchell 1974 Help Me
1%
129 Drake (ft. Majid Jordan) 2013 Hold On, We're Going Home
1%
197 Ann Peebles 1973 I Can't Stand the Rain
1%
385 Diana Ross 1980 I'm Coming Out
1%
98 The Beatles 1965 In My Life
1%
322 U2 1987 I Still Haven't Found What I'm Looking For
1%
76 Johnny Cash 1956 I Walk the Line
1%
15 The Beatles 1963 I Want To Hold Your Hand
1%
439 Celia Cruz 1998 La Vida Es Un Carnaval
1%
316 The Shangri-Las 1964 Leader of the Pack
1%
84 Al Green 1971 Let's Stay Together
1%
360 Prince 1982 Little Red Corvette
1%
188 The Jimi Hendrix Experience 1967 Little Wing
1%
156 The Kingsmen 1963 Louie Louie
1%
326 Iggy Pop 1977 Lust for Life
1%
101 Yeah Yeah Yeahs 2003 Maps
1%
173 Television 1977 Marquee Moon
1%
474 Curtis Mayfield 1970 Move On Up
1%
232 The Who 1965 My Generation
1%
43 The Temptations 1965 My Girl
1%
282 INXS 1988 Never Tears Us Apart
1%
160 R.E.M. 1992 Nightswimming
1%
191 Bobbie Gentry 1967 Ode to Billie Joe
1%
382 Fiona Apple 1999 Paper Bag
1%
332 The Marvelettes 1961 Please Mr. Postman
1%
174 R.E.M. 1983 Radio Free Europe
1%
201 Johnny Cash 1963 Ring of Fire
1%
221 Ike et Tina Turner 1966 River Deep, Mountain High
1%
300 The B-52's 1978 Rock Lobster
1%
135 The Beatles 1964 She Loves You
1%
472 Peter Gabriel 1977 Solsbury Hill
1%
168 Dusty Springfield 1968 Son of a Preacher Man
1%
492 Miles Davies 1959 So What
1%
473 Tammy Wynette 1968 Stand By Your Man
1%
254 The Supremes 1965 Stop ! In the Name of Love
1%
443 Fall Out Boy 2005 Sugar, We're Going Down
1%
153 Rick James 1981 Super Freak
1%
70 Elvis Presley 1969 Suspicious Minds
1%
294 The Velvet Underground 1970 Sweet Jane
1%
124 Buddy Holly 1957 That'll Be the Day
1%
123 Talking Heads 1983 This Must Be the Place
1%
350 The Zombies 1968 Time of the Season
1%
349 Roxy Music 1972 Virginia Plain
1%
344 The Doobie Brothers 1979 What a Fool Believes
1%
455 Jefferson Airplane 1967 White Rabbit
1%
151 The Shirelles 1960 Will You Love Me Tomorrow
1%
485 Azealia Banks 2011 212
0%
26 Joni Mitchell 1971 A Case of You
0%
323 Neil Young 1970 After the Gold Rush
0%
324 Everly Brothers 1958 All I Have To Do Is Dream
0%
87 LCD Soundsystem 2007 All My Friends
0%
169 Tom Petty and the Heartbreakers 1976 American Girl
0%
262 Paul Simon 1973 American Tune
0%
405 Selena 1994 Amor prohibido
0%
351 John Prine 1971 Angel From Montgomery
0%
238 Aaliyah 1998 Are You That Somebody ?
0%
289 Bruce Springsteen 1982 Atlantic City
0%
478 Juvénile (ft Lil Wayne et Mannie Fresh) 1998 Back that Azz Up
0%
371 Elton John 1973 Bennie and the Jets
0%
374 William DeVaughn 1974 Be Thankful for What You Got
0%
147 Fats Domino 1956 Blueberry Hill
0%
253 Willie Nelson 1975 Blue Eyes Crying In the Rain
0%
225 Joni Mitchell 1969 Both Sides Now
0%
364 The Grateful Dead 1970 Box of Rain
0%
209 Don Henley 1984 Boys of Summer
0%
397 Public Enemy 1987 Bring The Noise
0%
292 A Tribe Called Quest 1991 Can I Kick It
0%
306 Aretha Franklin 1967 Chain of Fools
0%
158 The Meter 1969 Cissy Strut
0%
263 Dolly Parton 1971 Coat of Many Colors
0%
255 Loretta Lynn 1970 Cola Miner's Daughter
0%
179 Pink Floyd 1979 Confortable Numb
0%
445 T. Rex 1971 Cosmic Dancer
0%
487 Solange 2016 Cranes in the Sky
0%
423 Fiona Apple 1996 Criminal
0%
481 Robert Johnson 1937 Cross Road Blues
0%
130 Martha and the Vendellas 1964 Dancing in the Street
0%
214 Steely Dan 1977 Deacon Blues
0%
83 Bob Dylan 1965 Desolation Row
0%
308 Liz Phair 1993 Divorce Song
0%
208 Hole 1994 Doll Parts
0%
181 The Byrds 1966 Eight Miles High
0%
402 Eslabon Amado et Peso Pluma 2023 Ella Bailla Sola
0%
414 Wizkid (ft. Temps) 2021 Essence
0%
109 Sly and the Family Stone 1968 Everyday People
0%
276 Buzzcocks 1978 Every Fallen In Love
0%
146 James Taylor 1970 Fire and Rain
0%
252 Parliament 1977 Flash Light
0%
422 Craig Mack (ft. Notorious B.I.G., LL Cool J, Busta Rhymes et Ramonage) 1994 Flava In Yahoo Ear
0%
469 Dixie Chicks 2000 Goodbye Earl
0%
92 Little Richard 1958 Good Holly, Miss Molly
0%
281 Clipse 2002 Grindin
0%
233 Deee-Lite 1990 Groove Is In The Heart
0%
348 Elvis Presley 1958 Heartbreak Hotel
0%
257 Martha Reeves and the Vandellas 1963 Heat Wave
0%
411 Wilco 2002 Heavy Metal Drummer
0%
142 George Jones 1980 He Stopped Loving Her Today
0%
113 Stevie Wonder 1973 Higher Ground
0%
483 The Four Tops 1965 I Can't Help Myself
0%
372 Bonnie Raitt 1991 I Can't Make You Love Me
0%
48 Radiohead 2000 Idioteque
0%
119 Marvin Gaye 1968 I Heart It Through the Grapevine
0%
186 The Staple Singers 1972 I'll Take You There
0%
342 The Monkees 1966 I'm a Believer
0%
165 Hank William 1949 I'm So Lonesome I Could Cry
0%
81 The Velvet Underground 1967 I'm Waiting for the Man
0%
341 The Clash 1978 In Hammersmith Palais
0%
291 Phil Collins 1981 In The Aire Tonight
0%
218 Wilson Pickett 1965 In The Midnight Hour
0%
170 The Five Satins 1956 In the Still of the Night
0%
91 UGK (ft. Outkast) 2007 Int'I Player Anthem
0%
462 Van Morrison 1970 Into the Mystic
0%
175 The Flamingos 1959 I Only Have Eyes For You
0%
117 Aretha Franklin 1968 I Say a Little Prayer
0%
346 Carole King 1971 It's Too Late
0%
116 Rob Baze et DJ E-Z Rock 1988 It Takes Two
0%
314 The Stooges 1969 I Wana Be Your Dog
0%
298 Bruce Springsteen 1975 Jungleland
0%
480 Biz Markie 1989 Just a Friend
0%
369 Tha Cars 1978 Just What I Needed
0%
148 Led Zeppelin 1975 Kashmir
0%
266 Augustus Pablo 1974 King Tubby Mets the Rockers Uptown
0%
460 Steel Pulse 1978 Ku Klux Klan
0%
265 The Replacements 1985 Left of the Dial
0%
435 Rush 1981 Limelight
0%
274 Al Green 1972 Love and Happiness
0%
141 Rod Stewart 1971 Maggie May
0%
376 Merle Haggard 1968 Mama Tried
0%
425 Muddy Waters 1955 Mannish Boy
0%
102 Chuck Berry 1955 Maybelline
0%
362 Kacey Musgraves 2013 Merry Go 'Round
0%
470 Gladys Knight and the Pips 1973 Midnight Train to Georgia
0%
192 Geto Boys 1991 Mind Playing Tricks On Me
0%
172 Nina Simone 1964 Mississippi Goddam
0%
336 Marshall Jefferson 1986 Move Your Body
0%
466 Luther Vandross 1981 Never Too Much
0%
301 Bob Seger 1976 Night Moves
0%
424 Blackstreet (ft. Dr. Dre et Queen Pen) 1996 Non Diggity
0%
459 Sade 1992 Non Ordinary Love
0%
29 Dr. Dre (ft. Snoop Dogg) 1992 Nothing But a G Thang
0%
120 X-Ray Spex 1977 Oh Bondage ! Up Yours !
0%
210 Funkadelic 1978 One Nation Under a Groove
0%
246 Faces 1973 Ooh La La
0%
477 The Go-Goes 1981 Our Lips Are Sealed
0%
479 Santana 1979 Oye Como Va
0%
132 Eric B. and Rakim 1987 Paid in Full
0%
499 Townes Van Zandt 1972 Pancho and Lefty
0%
34 James Brown 1966 Papa's Got a Brando New Bag
0%
388 DMX 1999 Party Up
0%
437 Lucinda Williams 1988 Passionate Kisses
0%
122 The Impressions 1965 People Get Ready
0%
387 New York Dolls 1973 Personality Crisis
0%
162 Nick Drake 1972 Pink Moon
0%
395 Africa Bambaata and the Soulsonic Force 1982 Planet Rock
0%
352 Jorge Ben 1976 Ponta de Lança Africano
0%
327 Rilo Kiley 2004 Portions for Foxes
0%
450 Neil Young 1979 Powderfinger
0%
278 Toots and the Maytals 1973 Pressure Drop
0%
343 Chuck Berry 1964 Promised Land
0%
315 John Coltrane 1965 Pt. 1 - Acknowledgment
0%
261 Curtis Mayfield 1972 Pusherman
0%
380 Fountains of Wayne 1996 Radiation Vibe
0%
328 Mary J. Blige 1992 Real Love
0%
296 Bikini Kill 1993 Rebel Girl
0%
475 Janet Jackson 1989 Rhythm Nation
0%
194 PJ Harvey 1993 Rid of Me
0%
335 The Grateful Dead 1970 Ripple
0%
77 The Modern Lovers 1976 Road Runners
0%
404 Kiss 1975 Rock'n'roll All Nite
0%
446 Bruce Springsteen 1973 Rosalita
0%
245 Beastie Boys 1994 Sabotage
0%
330 Bad Bunny 2020 Safaera
0%
275 Randy Newman 1972 Sail Away
0%
393 Jack Brown 1968 Say It Loud
0%
325 Billy Joel 1977 Scènes from an Italian Restaurant
0%
239 Big Star 1974 September Gurls
0%
434 Ramones 1977 Sheena Is A Punk Rocker
0%
337 Hallo and Oates 1973 She's Gone
0%
203 Stevie Wonder 1970 Signed, Sealed, Delivered I'm Yours
0%
154 Howlin' Wolf 1960 Spoonful
0%
280 BTS 2017 Spring Day
0%
391 Eric Church 2011 Springsteen
0%
187 Bob Dylan 1965 Subterranean Homesick Blues
0%
406 Run-DMC 1984 Sucker MC's
0%
222 Crosby, Stills and Nash 1969 Suite: Judy Blue Eyes
0%
244 Pavement 1992 Summer Babe
0%
432 Eddie Cochrane 1958 Summertime Blues
0%
476 Kris Kristofferson 1970 Sunday Mornin' Comin' Down
0%
357 Cheap Trick 1978 Surrender
0%
67 Bob Dylan 1975 Tangled Up In Blue
0%
157 Sonic Youth 1988 Teenager Riot
0%
288 The Funky 4+1 1980 That's the Joint
0%
272 Thin Lizzy 1976 The Boys Are Coming In Town
0%
361 Jimmy Cliff 1972 The Harder They Come
0%
441 Miranda Lambert 2010 The House that Build Me
0%
241 Digital Underground 1990 The Humpty Dance
0%
258 Gil-Scott Heron 1971 The Revolution Will Not Be Televised
0%
313 Smokey Robinson and the Miracles 1967 The Tears of a Clown
0%
54 Smokey Robinson and the Miracles 1965 The Tracks of My Tears
0%
58 The Band 1968 The Weight
0%
430 Pete Rock et CL Smooth 1992 They Reminisce Over You
0%
229 Woody Guthrie 1951 This Land Is Your Land
0%
111 Bruce Springsteen 1975 Thunder Road
0%
304 Kraftwerk 1977 Trans-Europe-Express
0%
136 Otis Redding 1966 Try a Little Tenderness
0%
86 The Rolling Stones 1972 Tumbling Dice
0%
381 The Slits 1979 Typical Girls
0%
448 Erykah Badu 1997 Tyrone
0%
269 The Righteous Brothers 1965 Unchained Melody
0%
379 D'Angelo 2000 Untitled
0%
375 The Drifters 1964 Up on the Roof
0%
317 Bob Dylan 1966 Visions of Johanna
0%
312 Isaac Hayes 1969 Walk On By
0%
51 Dionne Warwick 1964 Walk On By
0%
80 Ray Charles 1957 What'd I say
0%
410 Allman Brothers Band 1969 Whipping Post
0%
206 Glen Campbell 1968 Wichita Lineman
0%
56 Missy Elliott 2000 Work It
0%
183 Stevie Wonder 1972 You Are the Sunshine of my Life
0%
234 The Supremes 1966 You Keep Me Hangin' On
0%
204 David Bowie 1975 Young Americans
0%
237 Hank William 1953 Your Cheating Heart
0%
Aucun quiz correspondant
Distribution des résultats
% des personnes avec chaque résultat
Percentile par nombre de réponses
Votre historique - résultats
Vous n’avez pas pris ce quiz